Historia de la crítica de arte seguido de La crítica en la actualidad / (Record no. 145628)

MARC details
000 -LEADER
campo de control de longitud fija 00653nam a2200193 i 4500
001 - NÚMERO DE CONTROL
campo de control 145628
003 - IDENTIFICADOR DE NÚMERO DE CONTROL
campo de control ES-MaACL
005 - FECHA Y HORA DE LA ÚLTIMA TRANSACCIÓN
campo de control 20250815132630.0
007 - CAMPO FIJO DE DESCRIPCIÓN FÍSICA--INFORMACIÓN GENERAL
campo de control de longitud fija t|
008 - DATOS DE LONGITUD FIJA--INFORMACIÓN GENERAL
campo de control de longitud fija 071015s1949 ag ||||1| spa d
100 1# - ENTRADA PRINCIPAL--NOMBRE DE PERSONA
Nombre de persona Venturi, Lionello.
9 (RLIN) 113927
245 10 - MENCIÓN DEL TÍTULO
Título Historia de la crítica de arte seguido de La crítica en la actualidad /
Mención de responsabilidad, etc. Lionello Venturi ; versión castellana de Julio E. Payró.
260 ## - PUBLICACIÓN, DISTRIBUCIÓN, ETC.
Lugar de publicación, distribución, etc. Buenos Aires :
Nombre del editor, distribuidor, etc. Poseidón,
Fecha de publicación, distribución, etc. [1949]
300 ## - DESCRIPCIÓN FÍSICA
Extensión XIII, 356 p. :
Otras características físicas il. ;
Dimensiones 24 cm.
650 #7 - PUNTO DE ACCESO ADICIONAL DE MATERIA--TÉRMINO DE MATERIA
Término de materia o nombre geográfico como elemento de entrada Crítica artística
Fuente del encabezamiento o término embne
9 (RLIN) 16003
700 1# - ENTRADA AGREGADA--NOMBRE PERSONAL
Nombre de persona Payró, Julio E.
9 (RLIN) 89738
852 ## - LOCALIZACIÓN
Ubicación ES-MaACL
Número de control de estantería D-6855
Sublocalización o colección R.29812
Holdings
Estatus retirado Estado de pérdida Estado de daño No para préstamo Biblioteca de origen Biblioteca actual Ubicación en estantería Fecha de adquisición Fuente de adquisición Total de préstamos Signatura topográfica completa Código de barras Visto por última vez Precio de reemplazo Tipo de ítem Koha
        Biblioteca del Ateneo de Madrid Biblioteca del Ateneo de Madrid Sala Valle Inclán 17/01/2008     D-6855 901152015 23/02/2023 23/02/2023 Libro impreso